|
|
|
|
| LEADER |
00951nam a2200289 4500 |
| 001 |
DLU150168733 |
| 005 |
##20150410 |
| 040 |
# |
# |
|a DLU
|b vie
|
| 041 |
# |
# |
|a vie
|
| 044 |
# |
# |
|a vn
|
| 100 |
# |
# |
|a Phan Thị Tố Oanh,
|c TS.
|
| 245 |
# |
# |
|a Biện pháp giáo dục định hướng giá trị trong tình yêu cho sinh viên một số trường đại học thành phố Hồ Chí Minh /
|c Phan Thị Tố Oanh, Lê Nguyễn Anh Như
|
| 653 |
# |
# |
|a Định hướng giá trị
|
| 653 |
# |
# |
|a Giáo dục
|
| 653 |
# |
# |
|a Sinh viên
|
| 653 |
# |
# |
|a Tình yêu
|
| 700 |
# |
# |
|a Lê Nguyễn Anh Như.
|
| 773 |
# |
# |
|t Tạp chí Giáo Dục
|g Số 322(2), 11/ 2013, tr.24-26
|
| 920 |
# |
# |
|a Phòng Tạp chí -- Trung tâm Thông tin - Thư viện Trường Đại học Đà Lạt
|
| 994 |
# |
# |
|a DLU
|
| 900 |
# |
# |
|a True
|
| 911 |
# |
# |
|a Trần Thị Minh Hương
|
| 925 |
# |
# |
|a G
|
| 926 |
# |
# |
|a A
|
| 927 |
# |
# |
|a BB
|
| 980 |
# |
# |
|a Thư viện Trường Đại học Đà Lạt
|